| 000 | 00604nam a2200193Ia 4500 | ||
|---|---|---|---|
| 008 | 120816t2006 xxu||||| |||| 00| 0 sin d | ||
| 041 | _asin | ||
| 080 |
_a8-31 (eng) _bDER |
||
| 100 | _aDe Ropp,Robert S. | ||
| 245 | _aසදාකාලික තාරුණ්යය පතා... | ||
| 246 | _aSadakalika Tharunya Patha... | ||
| 260 |
_aSarasawi _aNugegoda _c2006 |
||
| 300 | _b317p, 22 cm | ||
| 500 | _aSinhalese Translation of Robeert S. De Ropp's of Man Against Aging | ||
| 700 |
_aMallawaarachchi,Somapala _etr. |
||
| 942 | _cBK | ||
| 999 |
_c41298 _d41298 |
||
| 003 | LK-CoDNM | ||
| 040 |
_aLK-CoDNM _dLK-CoDNM _eLK-CoDNM |
||